000 00385nam a2200145Ia 4500
008 100122s9999 xx 000 0 und d
082 _b24018
_a823.08
100 _aमतकरी रत्नाकर
245 _aखेकडा
260 _bहंस प्रकाशन
_c1905
300 _a148
630 _aखेकडा
730 _aखेकडा
942 _cBOOK
999 _c411491
_d411488